1160 1209 1359 1912 1597 1968 1314 1879 1338 1232 1451 1389 1707 1217 1954 1420 1679 1658 1925 1970 1439 1558 1786 1626 1231 1649 1385 1850 1395 1946 1102 1462 1995 1820 1689 1439 1727 1881 1433 1637 1364 1346 1324 1843 1263 1067 1153 1147 1650 1065 1756 1465 1502 1995 1853 1598 1918 1968 1140 1962 1597 1769 1559 1898 1883 1546 1467 1120 1358 1904 1748 1428 1445 1908 1205 1989 1898 1553 1674 1664 1413 1194 1221 1850 1430 1791 1253 1843 1615 1284 1619 1623 1029 1973 1626 1259 1847 1920 1768 BCNSPRNW ULIB Ver.6.0+V

เปลี่ยนเป็นภาษาไทย

Change to English
 แสดงรายละเอียดบรรณานุกรม
  กลับหน้าหลัก

Brief Record : Get Marc (ISO 2709) : E-mail record : QR code < ปิดหน้าต่าง
LEADER : 00000nam 2200000uu 4500
001    13399114193
003     ULIB
008    120301s2554||||th 000 0 tha d
020    ^a9786167375663
060 04 ^aWB115^bก491 2554
245 00 ^aการปรึกษาปัญหาผู้ป่วยอายุรกรรมที่พบบ่อย =^bConsultative
246 31 ^aConsultative internal medicine 2011
250    ^aพิมพ์ครั้งที่ 1
260    ^aสงขลา :^bชานเมืองการพิมพ์,^c26 ซม.
300    ^a(12), 212 หน้า :^bภาพประกอบ ;^c26 ซม.
504    ^aมีบรรณานุกรมและดัชนี
650  4 ^aการรักษาโรค^xรวมเรื่อง
650  4 ^aผู้ป่วย^xการให้คำปรึกษา
650  4 ^aอายุรศาสตร์^xรวมเรื่อง
700 0  ^aบดินทร์ ขวัญนิมิตร^eบรรณาธิการ
945    ^p400^l0^i18826
945    ^p400^l0^i18827
995    ^aัณชพร
999 ^a ใช้งานได้ทุกระบบ
รายการนี้ยังไม่มีแท็ก
คุณยังไม่ได้ล็อกอิน คุณสามารถมีกิจกรรมร่วมกับเว็บไซต์ได้ แต่ต้องล็อกอินก่อน ::
  ล็อกอิน

รายการสื่อสารสนเทศ

ลำดับที่ ประเภท เลขเรียก/บาร์โค้ด สถานที่ สถานะ
1. วิทยาศาสตร์การแพทย์ และสุขภาพ
วิทยาศาสตร์การแพทย์ และสุขภาพ
สถานะ=หนังสือเก่า
WB115 ก491 2554  
  Barcode: 18826
ห้องสมุดวิทยาเขตนครสวรรค์
►ส่วนจัดเก็บหนังสือเก่า นว.
บนชั้น
  ขอยืม
2. วิทยาศาสตร์การแพทย์ และสุขภาพ
วิทยาศาสตร์การแพทย์ และสุขภาพ
สถานะ=หนังสือเก่า
WB115 ก491 2554 ฉ.2 
  Barcode: 18827
ห้องสมุดวิทยาเขตนครสวรรค์
►ส่วนจัดเก็บหนังสือเก่า นว.
บนชั้น
  ขอยืม

BibComment


ยังไม่เคยถูกคอมเมนท์

คอมเมนท์ทรัพยากรรายการนี้
  คอมเมนท์: การปรึกษาปัญหาผู..


 Copyright 2026. Bcnsprnw @Library